New cosmos (Record no. 25501)
[ view plain ]
| 000 -LEADER | |
|---|---|
| fixed length control field | 00280nam a2200121Ia 4500 |
| 082 ## - DEWEY DECIMAL CLASSIFICATION NUMBER | |
| Classification number | 524.1 |
| Item number | UNS |
| 100 ## - MAIN ENTRY--AUTHOR NAME | |
| Personal name | Albrecht |
| 245 #0 - TITLE STATEMENT | |
| Title | New cosmos |
| 260 ## - PUBLICATION, DISTRIBUTION, ETC. (IMPRINT) | |
| Place of publication | New York |
| Name of publisher | Springer Verlag |
| Year of publication | 1969 |
| 650 ## - SUBJECT ADDED ENTRY--TOPICAL TERM | |
| Topical Term | Cosmology |
| 942 ## - ADDED ENTRY ELEMENTS (KOHA) | |
| Koha item type | Books |
| Withdrawn status | Lost status | Damaged status | Not for loan | Home library | Current library | Date acquired | Cost, normal purchase price | Full call number | Accession Number | Koha item type |
|---|---|---|---|---|---|---|---|---|---|---|
| RRII Library | RRII Library | 16/12/2021 | 3.25 | 524.1 UNS | 06158 | Books |